000 00319nam a22001217a 4500
082 _a200.1 SEK
100 _aSekhar SJ, Vincent
245 _aEngaged & Enmeshed: Religions in Society in India
260 _aChennai, Tamilnadu
_bICDR, Loyola College
_c2017
300 _a212
650 _aReligion-Sociology
942 _cBK
999 _c20619
_d20619